书目信息 |
| 题名: |
实验构造地质学及其应用
|
|
| 作者: | 钟嘉猷 著 | |
| 分册: | ||
| 出版信息: | 北京 科学出版社 1998.05 |
|
| 页数: | 246页 | |
| 开本: | 26cm | |
| 丛书名: | ||
| 单 册: | ||
| 中图分类: | P54 | |
| 科图分类: | ||
| 主题词: | 构造地质学 | |
| 电子资源: | ||
| ISBN: | 7-03-006105-5 | |
| 000 | 00569nam0 2200193 45 | |
| 001 | 0257249584 | |
| 005 | 2002041115540928 | |
| 010 | @a7-03-006105-5@b精装@dRMB 35.00 | |
| 100 | @a20020411d1998 km y0chiy0120 ea | |
| 101 | 0 | @achi |
| 102 | @aCN@b110000 | |
| 200 | 1 | @a实验构造地质学及其应用@Ashi yan gou zao di zhi xue ji qi ying yong@f钟嘉猷著@Fzhong jia you zhu |
| 210 | @a北京@c科学出版社@d1998.05 | |
| 215 | @a246页@d26cm | |
| 606 | 0 | @a构造地质学 |
| 690 | @aP54@v3 | |
| 701 | 0 | @a钟嘉猷@Azhong jia you@4著 |
| 801 | 0 | @aCN@bPFT@c20020411 |
| 905 | @a安徽大学@dP54@eZ728 | |
| 实验构造地质学及其应用/钟嘉猷著.-北京:科学出版社,1998.05 |
| 246页;26cm |
| ISBN 7-03-006105-5(精装):RMB 35.00 |
| ● |
| 相关链接 |
|
|
|
正题名:实验构造地质学及其应用
索取号:P54/Z728
 
预约/预借
| 序号 | 登录号 | 条形码 | 馆藏地/架位号 | 状态 | 备注 |
| 1 | 357943 | 203579430 | 自科库401/401自科库 129排1列6层/ [索取号:P54/Z728] | 在馆 | |
| 2 | 357944 | 203579449 | 期刊室512/401自科库 124排1列1层/ [索取号:P54/Z728] | 在馆 |